Kinematika dokončovacích spôsobov obrábania

Guardado en:
Detalles Bibliográficos
Autor principal: Soviš, Vladimír, 1980- (Autor)
Otros Autores: Lipa, Zdenko, 1944- (Orientador)
Formato: Manuscrito Libro
Lenguaje:eslovaco
Publicado: STU v Bratislave MTF UVTE KOM, 2010
Acceso en línea:VAIS
Etiquetas: Agregar Etiqueta
Sin Etiquetas, Sea el primero en etiquetar este registro!

MARC

LEADER 00000ntm a22000003a 4500
001 stu206273
005 20160719160206.6
008 100702s2010------------------------slo-d
040 |a STU  |b slo 
041 0 |a slo 
100 1 |a Soviš, Vladimír,  |d 1980-  |4 aut  |X 31939  |7 A000031939 
242 0 0 |a Kinematics of Machine Finishing Methods  |y eng 
245 1 |a Kinematika dokončovacích spôsobov obrábania 
260 |b STU v Bratislave MTF UVTE KOM,  |c 2010 
700 1 |a Lipa, Zdenko,  |d 1944-  |4 ths  |u M3000  |U MTF Materiálovotechnologická fakulta  |T MTF Ústav výrobných technológií  |X 319  |U M3000  |Y 83  |7 A000000319 
856 4 |a info a plný text  |u http://is.stuba.sk/zp/portal_zp.pl?podrobnosti=63271  |3 VAIS 
996 |c M*DP-9054  |l MMSKP  |s P  |a 0  |w stu206273_0001